000 00352nam a22001337a 4500
003 SGT
082 _a615
_bB11S
100 _aMINISTRY OF HEALTH & FAMILY WELFARE.
245 _aBHARTIYA AYURVEDIYA BHESAGE SAMHITA BHAG - 2
260 _aDELHI
_bMINISTRY OF HEALTH & FAMILY WELFARE.
_c2011
300 _a393
650 _aAYURVEDA SAMHITA
942 _2ddc
_cBK
999 _c8630
_d8630